000 00283nam a2200097Ia 4500
082 _aNSO 896.3977113
245 0 _aMma Afrika : Theto ya Segageso
100 _a SETUMU, Tlou Braamfontein, South Africa, 2008
_959016
942 _cBK
008 210817s9999 xx 000 0 und d
999 _c185077
_d185078